[Event "Challenge"]
[Site "http://www.queenalice.com/game.php?id=303825"]
[Date "2007.11.14"]
[Round "-"]
[White "dida"]
[Black "KILLAH"]
[Result "1-0"]
[WhiteElo "1400"]
[BlackElo "1254"]

1. e4 g5 2. h4 Nf6 3. Nc3 h5 4. hxg5 Ng4 5. f3 Ne3 6. dxe3 e6 7. f4 Rg8 8. Rxh5
f6 9. Rh7 fxg5 10. Qh5+ Rg6 11. Qxg6# 1-0

[Event "Challenge"]
[Site "http://www.queenalice.com/game.php?id=304944"]
[Date "2007.11.16"]
[Round "-"]
[White "dida"]
[Black "KILLAH"]
[Result "1-0"]
[WhiteElo "1362"]
[BlackElo "1250"]

1. e4 d6 2. Nf3 Bg4 3. h3 Bh5 4. g4 Bg6 5. Bd3 Nf6 6. Nc3 h5 7. g5 c5 8. Nh4 Nc6
9. gxf6 exf6 10. Nxg6 fxg6 11. Nd5 f5 12. exf5 g5 13. Qe2+ Kd7 14. Bb5 a6 15.
Bxc6+ bxc6 16. Qe6# 1-0

[Event "Challenge"]
[Site "http://www.queenalice.com/game.php?id=313288"]
[Date "2007.12.1"]
[Round "-"]
[White "KILLAH"]
[Black "victim1"]
[Result "0-1"]
[WhiteElo "1231"]
[BlackElo "1107"]

1. Nc3 e5 2. Nf3 Qf6 3. g4 h5 4. Nd5 Qc6 5. Nxc7+ Qxc7 6. d4 d6 7. h4 Qd7 8. e3
Qxg4 9. dxe5 dxe5 10. Qd5 e4 11. Qe5+ Ne7 12. Ng5 f6 13. Bb5+ Bd7 14. Qc7 fxg5
15. Bxd7+ Kf7 16. Qxb7 Nbc6 17. Qxa8 Qg2 18. Bxc6 Qxh1+ 19. Ke2 Nxc6 20. Qb7+
Ne7 21. Qb3+ Ke8 22. hxg5 h4 23. a4 h3 24. Qb8+ Kf7 25. b4 h2 26. Bb2 Qg2 27.
g6+ Nxg6 28. Qxa7+ Ne7 29. b5 h1=Q 30. Rxh1 Qxh1 31. b6 Rh2 32. b7 Qg1 33. b8=Q
Rxf2# 0-1

[Event "Challenge"]
[Site "http://www.queenalice.com/game.php?id=333562"]
[Date "2008.1.9"]
[Round "-"]
[White "KILLAH"]
[Black "victim1"]
[Result "1-0"]
[WhiteElo "1193"]
[BlackElo "1090"]

1. g4 e5 2. Nf3 d6 3. Bh3 h5 4. d3 b6 5. Bg5 f6 6. Be3 a5 7. gxh5 Rxh5 8. Bf1 g5
9. Nc3 g4 10. h3 gxf3 11. Na4 fxe2 12. Qxe2 Rf5 13. Qg4 Nh6 14. Qg6+ Ke7 15.
Bxh6 Bxh6 16. Qxh6 Rf4 17. Qg7+ Ke8 18. h4 Rxa4 19. Rg1 Qd7 20. Qxf6 Qe7 21.
Rg8+ Kd7 22. Qf5+ Qe6 23. Qh7+ Kc6 24. c4 Qf6 25. Rxc8 b5 26. Rxc7+ Kb6 27. cxb5
e4 28. Bg2 Qxb2 29. Bxe4 Qxa1+ 30. Ke2 Qxa2+ 31. Ke3 Qb1 32. Bxa8 Qxb5 33. Qg6
Rxh4 34. Qxd6+ Nc6 35. Rxc6+ Ka7 36. Qd7+ Kb8 37. Qd8+ Ka7 38. Qxh4 Kxa8 39.
Rc8+ Kb7 40. Qd8 a4 41. Qc7+ Ka6 42. Ra8# 1-0

[Event "Challenge"]
[Site "http://www.queenalice.com/game.php?id=355008"]
[Date "2008.2.16"]
[Round "-"]
[White "rrainey22"]
[Black "KILLAH"]
[Result "1-0"]
[WhiteElo "1737"]
[BlackElo "1199"]

1. e4 Nh6 2. e5 e6 3. d4 d6 4. f4 Qh4+ 5. g3 Qd8 6. c3 d5 7. Qb3 Nc6 8. Bb5 Nf5
9. Qa4 Bd7 10. Qb3 a6 11. Bxc6 Bxc6 12. Na3 Rc8 13. Nc2 f6 14. Nb4 Bb5 15. a4
Bxb4 16. Qxb4 c5 17. dxc5 fxe5 18. axb5 d4 19. fxe5 Ne3 20. Bxe3 dxe3 21. Qd4
Qxd4 22. cxd4 Rf8 23. Nh3 axb5 24. Ke2 b6 25. cxb6 Kd7 26. Ng5 Rc2+ 27. Kxe3
Rxb2 28. Ra7+ Kc6 29. b7 Rb3+ 30. Ke2 Rb2+ 31. Ke3 Rb8 32. Nxe6 Rxb7 33. Nd8+
Kb6 34. Rxb7+ Ka6 35. e6 Rb3+ 36. Ke4 Rc3 37. e7 Rc8 38. e8=Q 1-0

[Event "Challenge"]
[Site "http://www.queenalice.com/game.php?id=355009"]
[Date "2008.2.16"]
[Round "-"]
[White "KILLAH"]
[Black "rrainey22"]
[Result "0-1"]
[WhiteElo "1210"]
[BlackElo "1743"]

1. b3 e5 2. g3 e4 3. f4 f5 4. a4 c6 5. d3 d5 6. Nh3 h6 7. dxe4 fxe4 8. Nc3 Qf6
9. Bd2 Bb4 10. Nxe4 Bxd2+ 11. Qxd2 Qxa1+ 12. Kf2 dxe4 13. f5 Qe5 14. g4 Nf6 15.
g5 Qxf5+ 16. Qf4 hxg5 17. e3 gxf4 18. exf4 Qc5+ 19. Ke1 Bxh3 20. Bxh3 Rxh3 0-1

[Event "Challenge"]
[Site "http://www.queenalice.com/game.php?id=358376"]
[Date "2008.2.21"]
[Round "-"]
[White "rrainey22"]
[Black "KILLAH"]
[Result "1-0"]
[WhiteElo "1734"]
[BlackElo "1197"]

1. e4 g6 2. e5 e6 3. d4 Bb4+ 4. c3 Bf8 5. h4 h5 6. Bg5 f6 7. Bf4 d5 8. Qf3 c6 9.
Qg3 fxe5 10. Bxe5 Rh7 11. Qxg6+ Rf7 12. Qxg8 Rf4 13. Bxf4 Qf6 14. Be5 Qf5 15. f3
Nd7 16. Bd6 Ne5 17. Bxe5 c5 18. Na3 cxd4 19. Bxd4 e5 20. Bc5 e4 21. Bxf8 exf3
22. Bd6+ Kd7 23. Bc5 Qe4+ 24. Kf2 b6 25. Qg7+ Kc6 26. Bd4 a5 27. Qh6+ Be6 28.
Qxh5 Rg8 29. Qxf3 Bg4 30. Bb5+ Kb7 31. Qf7+ Ka8 32. Bc6+ Kb8 33. Qb7# 1-0

[Event "Challenge"]
[Site "http://www.queenalice.com/game.php?id=361025"]
[Date "2008.2.25"]
[Round "-"]
[White "KILLAH"]
[Black "rrainey22"]
[Result "0-1"]
[WhiteElo "1205"]
[BlackElo "1748"]

1. b4 e5 2. a4 e4 3. Nc3 f5 4. h3 c6 5. e3 d5 6. g4 g6 7. gxf5 Bxf5 8. f3 Qh4+
9. Ke2 exf3+ 10. Nxf3 Qxb4 11. Ba3 Qc4+ 12. d3 Qxc3 13. Bxf8 Kxf8 14. Ne5 Qxe5
15. d4 Qe4 16. Rg1 Na6 17. Bg2 Qh4 18. e4 Bxe4 19. Rf1+ Nf6 20. Ra3 Re8 21. Re3
Bxg2 22. Kd3 Rxe3+ 23. Kxe3 Qxh3+ 24. Kf2 Ng4+ 25. Ke1+ Bxf1 26. Qd2 Bc4 27.
Qf4+ Kg7 28. Qg5 Re8+ 0-1

[Event "Challenge"]
[Site "http://www.queenalice.com/game.php?id=362361"]
[Date "2008.2.28"]
[Round "-"]
[White "KILLAH"]
[Black "dani29rock"]
[Result "0-1"]
[WhiteElo "1176"]
[BlackElo "1601"]

1. e4 e5 2. g3 Qf6 3. f4 Qc6 4. b3 Qxe4+ 5. Kf2 Bc5+ 6. d4 Bxd4+ 7. Be3 Qxe3+ 8.
Kg2 d6 9. Bb5+ c6 10. Qe2 cxb5 11. Qxe3 Bxe3 12. Nf3 Nf6 13. Re1 Bd4 14. c3 Bb6
15. fxe5 dxe5 16. Rxe5+ Be6 17. Na3 b4 18. cxb4 O-O 19. Nb5 a6 20. Nbd4 Bd5 21.
Rc1 Bxf3+ 22. Kxf3 Bxd4 23. Re7 Nc6 24. Rxb7 Ne5+ 25. Ke2 Rae8 26. b5 axb5 27.
Rxb5 Rc8 28. Rxc8 Rxc8 29. a4 Rc2+ 30. Kd1 Rxh2 0-1

[Event "Challenge"]
[Site "http://www.queenalice.com/game.php?id=363656"]
[Date "2008.3.1"]
[Round "-"]
[White "rrainey22"]
[Black "KILLAH"]
[Result "1-0"]
[WhiteElo "1788"]
[BlackElo "1168"]

1. e4 e5 2. d4 d5 3. dxe5 dxe4 4. Qg4 Bxg4 5. Be2 Bxe2 6. Nxe2 Nd7 7. f4 g5 8.
O-O gxf4 9. Bxf4 Bh6 10. Nbc3 e3 11. g3 f6 12. exf6 Ndxf6 13. Be5 Qd2 14. Rac1
Qd8 15. Rfd1 Qe7 16. Bxf6 Nxf6 17. Re1 Ng4 18. Nd5 Qf7 19. Ndf4 Qxa2 20. b3 a5
21. Nd5 c5 22. Nc7+ Kd8 23. Nxa8 Kc8 24. Nb6+ Kb8 25. Nc4 a4 26. Nc3 axb3 27.
Nxa2 bxa2 28. Ra1 e2 29. Rxe2 Rf8 30. Rxa2 Rf2 31. Rxf2 b5 32. Rf5 bxc4 33. Rxc5
Be3+ 34. Kg2 Bxc5 35. c3 Ne3+ 36. Kf3 Nd1 37. Ra4 Kb7 38. Rxc4 Bg1 39. Kg2 Be3
40. Rb4+ Ka6 41. c4 Ka5 42. Rb1 Nf2 43. Rb3 Bd4 44. Rf3 Kb4 45. Rxf2 Bxf2 46.
Kxf2 Kxc4 47. Kf3 h5 48. Kf4 Kd4 49. Kg5 Ke3 50. Kxh5 Kf2 51. g4 Kg2 52. h4 1-0

[Event "Challenge"]
[Site "http://www.queenalice.com/game.php?id=367324"]
[Date "2008.3.7"]
[Round "-"]
[White "KILLAH"]
[Black "victim1"]
[Result "0-1"]
[WhiteElo "1203"]
[BlackElo "1074"]

1. e4 a5 2. Nc3 a4 3. a3 c6 4. b3 b5 5. bxa4 Rxa4 6. Nxa4 bxa4 7. c3 g5 8. d4 f6
9. Nf3 d5 10. c4 Qa5+ 11. Bd2 Qb6 12. cxd5 cxd5 13. exd5 Bb7 14. h4 gxh4 15.
Rxh4 Bxd5 16. Rb1 Qe6+ 17. Ne5 Bb3 18. Rxb3 axb3 19. Qh5+ Kd8 20. Ba5+ Kc8 21.
Qe8+ Kb7 22. f4 b2 23. Bc4 Qd6 24. Bxg8 b1=Q+ 25. Ke2 Rxg8 26. Rxh7 Qb2+ 27. Ke3
Qbxa3+ 28. Ke4 Qxa5 29. Rf7 Qad8 30. Qb5+ Q6b6 31. Nc6 Nxc6 0-1

[Event "Challenge"]
[Site "http://www.queenalice.com/game.php?id=367389"]
[Date "2008.3.8"]
[Round "-"]
[White "rrainey22"]
[Black "KILLAH"]
[Result "1-0"]
[WhiteElo "1722"]
[BlackElo "1182"]

1. e4 e5 2. d4 d5 3. dxe5 Bb4+ 4. c3 Ba5 5. exd5 Bf5 6. g4 Be4 7. f3 Bxd5 8.
Qa4+ Qd7 9. Qxa5 Bxf3 10. Nxf3 Qxg4 11. Qb5+ Nc6 12. Be2 Qg2 13. Rg1 a6 14. Qxb7
Nxe5 15. Rxg2 Nxf3+ 16. Bxf3 Rd8 17. Bc6+ Kf8 18. Qxc7 Re8+ 19. Re2 Ne7 20. Bxe8
g5 21. Qxe7+ 1-0

[Event "Challenge"]
[Site "http://www.queenalice.com/game.php?id=369112"]
[Date "2008.3.11"]
[Round "-"]
[White "rrainey22"]
[Black "KILLAH"]
[Result "1-0"]
[WhiteElo "1786"]
[BlackElo "1170"]

1. e4 e5 2. d4 exd4 3. Qxd4 f6 4. f4 d5 5. Qxd5 Qxd5 6. exd5 g5 7. fxg5 fxg5 8.
b3 Bb4+ 9. c3 Bf8 10. Bxg5 Be7 11. Bf4 Nf6 12. Bxc7 Na6 13. Be5 Bf5 14. h3 Ne4
15. Bxh8 Bc5 16. Nf3 Nb4 17. cxb4 Bxb4+ 18. Kd1 Nd2 19. Nbxd2 Kd7 20. Bb2 a5 21.
Nc4 Be4 22. Nfe5+ Ke7 23. d6+ Ke6 24. d7 Rd8 25. Ke2 b5 26. Ne3 a4 27. a3 axb3
28. axb4 Rb8 29. Ra7 1-0

[Event "Challenge"]
[Site "http://www.queenalice.com/game.php?id=369114"]
[Date "2008.3.11"]
[Round "-"]
[White "KILLAH"]
[Black "rrainey22"]
[Result "0-1"]
[WhiteElo "1180"]
[BlackElo "1762"]

1. h4 e5 2. a4 e4 3. g3 d5 4. b4 Bxb4 5. c3 Bc5 6. d4 exd3 7. Qxd3 Qf6 8. Qxd5
Qxf2+ 9. Kd2 Qe3+ 10. Kd1 Qe7 11. Bg5 f6 12. Bf4 c6 13. Qh5+ g6 14. Qg4 Bxg4 15.
Nd2 g5 16. hxg5 fxg5 17. Ngf3 gxf4 18. gxf4 Nd7 19. Bh3 Ngf6 20. Ng5 Qxe2+ 21.
Kc2 h6 22. Bxg4 Nxg4 23. Rhe1 Ne3+ 24. Kb3 Qxd2 25. Ne6 Qd5+ 26. c4 Qxc4+ 0-1

[Event "Challenge"]
[Site "http://www.queenalice.com/game.php?id=369116"]
[Date "2008.3.11"]
[Round "-"]
[White "rrainey22"]
[Black "KILLAH"]
[Result "1-0"]
[WhiteElo "1790"]
[BlackElo "1178"]

1. e4 h6 2. e5 d5 3. d4 g6 4. c3 e6 5. f4 Qh4+ 6. g3 Qh5 7. Be2 Qf5 8. Bd3 Qh5
9. Be2 Nf6 10. Bxh5 gxh5 11. exf6 e5 12. dxe5 Bg4 13. Qxd5 Nc6 14. Be3 a5 15.
Na3 Rd8 16. Qb3 Nb4 17. cxb4 Bxb4+ 18. Kf2 c6 19. h3 Be6 20. Qc2 O-O 21. Nc4 Rd5
22. a3 Bc5 23. Nxa5 h4 24. g4 b6 25. Nxc6 Bxe3+ 26. Kxe3 Rxe5+ 27. fxe5 Rc8 28.
Ne7+ Kh8 29. Nxc8 1-0

[Event "Challenge"]
[Site "http://www.queenalice.com/game.php?id=369117"]
[Date "2008.3.11"]
[Round "-"]
[White "KILLAH"]
[Black "rrainey22"]
[Result "0-1"]
[WhiteElo "1172"]
[BlackElo "1784"]

1. e4 e5 2. d3 d5 3. f3 d4 4. c3 c5 5. c4 f6 6. g4 g5 7. a4 a5 8. h3 Na6 9. f4
gxf4 10. Na3 Nc7 11. Nb5 Bd7 12. Nxc7+ Qxc7 13. b3 Ne7 14. Nf3 Ng6 15. g5 fxg5
16. Nxg5 Qd8 17. h4 h6 18. Nf3 Be7 19. Ra2 Bxh4+ 20. Nxh4 Nxh4 21. Kf2 Qg5 22.
Ke1 Qg3+ 23. Rf2 Qg5 24. Ba3 b6 25. b4 axb4 26. Bxb4 cxb4 27. Qb3 Qe7 28. Bh3
Bxa4 29. Qd1 Bxd1 30. Rhh2 Bh5 0-1

[Event "EAGLE 1"]
[Site "http://www.queenalice.com/game.php?id=370322"]
[Date "2008.3.13"]
[Round "-"]
[White "victim1"]
[Black "KILLAH"]
[Result "0-1"]
[WhiteElo "1115"]
[BlackElo "1166"]

1. h4 e5 2. a4 e4 3. g4 d6 4. h5 Bxg4 5. a5 a6 6. Nc3 d5 7. b4 Bxb4 8. Bh3 Qh4
9. Nxd5 Ne7 10. Nxc7+ Kf8 11. Nxa8 b6 12. Nxb6 Bc5 13. Rb1 Bxf2+ 14. Kf1 Bxg1
15. Kxg1 Qg3+ 16. Bg2 Nbc6 17. d4 Nxa5 18. Qd2 Nc4 19. Qb4 Ne3 20. Qc5 Nxg2 21.
Qc6 Nxc6 22. Ba3+ Ne7 23. d5 Bxe2 24. d6 Qe3+ 25. Kh2 Qxa3 26. Kxg2 Qf3+ 27. Kg1
Qg3# 0-1

[Event "Flatulent Frank's Fricassee!"]
[Site "http://www.queenalice.com/game.php?id=377863"]
[Date "2008.3.27"]
[Round "-"]
[White "rrainey22"]
[Black "KILLAH"]
[Result "1-0"]
[WhiteElo "1797"]
[BlackElo "1180"]

1. e4 e5 2. d4 d5 3. dxe5 dxe4 4. Nd2 e3 5. Nc4 Bb4+ 6. c3 Qxd1+ 7. Kxd1 Bg4+ 8.
f3 b5 9. Nxe3 Bc5 10. Nxg4 Nc6 11. Bxb5 1-0

[Event "Challenge"]
[Site "http://www.queenalice.com/game.php?id=416480"]
[Date "2008.6.12"]
[Round "-"]
[White "KILLAH"]
[Black "rrainey22"]
[Result "0-1"]
[WhiteElo "1178"]
[BlackElo "1823"]

1. b4 e5 2. c3 e4 3. d4 d5 4. Nd2 c6 5. Rb1 Bf5 6. b5 e3 7. c4 Bxb1 8. Nxb1
exf2+ 9. Kxf2 Qf6+ 10. Ke3 Qg5+ 11. Kf3 Qf5+ 12. Bf4 g5 13. Qd3 Qxf4# 0-1